Central Library OPAC University of Rajshahi

আমার বাবা রবীন্দ্রনাথ / (Record no. 39792)

MARC details
000 -LEADER
fixed length control field 01101nam a2200253 a 4500
001 - CONTROL NUMBER
control field 39792
003 - CONTROL NUMBER IDENTIFIER
rucl marc code BD-RjUL
005 - DATE AND TIME OF LATEST TRANSACTION
control field 20211209053047.0
008 - FIXED-LENGTH DATA ELEMENTS--GENERAL INFORMATION
fixed length control field 160418s2016 a|||| |||| 001 0 d
020 ## - INTERNATIONAL STANDARD BOOK NUMBER
International Standard Book Number 9789842003561
Terms of availability : TK.400.00
035 ## - SYSTEM CONTROL NUMBER
System control number (BD-RjUL)39905
040 ## - CATALOGING SOURCE
Original cataloging agency BD-RjUL
Language of cataloging ben
Transcribing agency BD-RjUL
041 ## - LANGUAGE CODE
Language code of text/sound track or separate title ben
082 ## - DEWEY DECIMAL CLASSIFICATION NUMBER
Edition number 23
Author mark and year TAA 2016
Classification number 891.4414
100 ## - MAIN ENTRY--PERSONAL NAME
Personal name ঠাকুর, রথীন্দ্রনাথ
9 (RLIN) 122588
245 10 - TITLE STATEMENT
Title আমার বাবা রবীন্দ্রনাথ /
Statement of responsibility, etc. রথীন্দ্রনাথ ঠাকুর ; কবির চান্দ অনূদিত
260 ## - PUBLICATION, DISTRIBUTION, ETC. (IMPRINT)
Place of publication, distribution, etc. ঢাকা :
Name of publisher, distributor, etc. অ্যাডর্ন পাবলিকেশন,
Date of publication, distribution, etc. ২০১৬
300 ## - PHYSICAL DESCRIPTION
Pagination xxx, ২২১ পৃ. :
Illustrations চিত্র ;
Size ২২ সেমি.
504 ## - BIBLIOGRAPHY, ETC. NOTE
Bibliography, etc নির্ঘণ্ট সংযুক্ত
600 ## - SUBJECT ADDED ENTRY--PERSONAL NAME
Personal name ঠাকুর, রবীন্দ্রনাথ
Dates associated with a name ১৮৬১-১৯৪১
Personal name Tagore, Rabindranath
Dates associated with a name 1861-1941
700 ## - ADDED ENTRY--PERSONAL NAME
Personal name চান্দ, কবির, অনূদিত
942 ## - ADDED ENTRY ELEMENTS (KOHA)
Source of classification or shelving scheme Dewey Decimal Classification
Koha item type Books
Holdings
Lost status Source of classification or shelving scheme Damaged status Not for loan Collection code Permanent Location Current Location Shelving location Date acquired Source of acquisition Cost, normal purchase price Total Checkouts Full call number Date last seen Copy number Koha item type Date checked out
  Dewey Decimal Classification   Not For Loan Non-fiction Central Library, University of Rajshahi Central Library, University of Rajshahi Reading Room 16/04/2016 Biddasagor, Rajshahi 400.00   B 891.4414 TAA 2016 19/04/2016 C-1 Books  
  Dewey Decimal Classification     Non-fiction Central Library, University of Rajshahi Central Library, University of Rajshahi   16/04/2016 Biddasagor, Rajshahi 400.00   B 891.4414 TAA 2016 19/04/2016 C-2 Books  
  Dewey Decimal Classification     Non-fiction Central Library, University of Rajshahi Central Library, University of Rajshahi   16/04/2016 Biddasagor, Rajshahi 400.00   B 891.4414 TAA 2016 19/04/2016 C-3 Books  
  Dewey Decimal Classification     Non-fiction Central Library, University of Rajshahi Central Library, University of Rajshahi   23/03/2017 Rajshahi New3shome 400.00   B 891.4414 TAA 2016 15/03/2018 C-4 Books  
  Dewey Decimal Classification     Non-fiction Central Library, University of Rajshahi Central Library, University of Rajshahi   23/03/2017 Rajshahi New3shome 400.00   B 891.4414 TAA 2016 15/03/2018 C-5 Books  
  Dewey Decimal Classification     Non-fiction Central Library, University of Rajshahi Central Library, University of Rajshahi   23/03/2017 Rajshahi New3shome 400.00 1 B 891.4414 TAA 2016 21/04/2019 C-6 Books 08/04/2019